000 00643nam a22001937a 4500
005 20140915154632.0
010 _aENG-110845
020 _a9788190789165
_c895.00
035 _aEN-94377
037 _bDBAD/PUB
082 _a305.800954
100 _aPrasad,D.V.
245 _aCultural dynamics of resource management :
_cby D.V. Prasad
_ban ethnographic analysis of adaptative strategies of Koya Dora /
260 _aGurgaon
_bMadhav Books
_c2012
270 _aF-2562, Palam Vihar
_bGurgaon
_e122017
300 _axi,235p.
_c22cm(Hb)
500 _aIncludes bibliographical references
942 _2ddc
_cEN
_mPRA
_h305.800954
999 _c88599
_d88599